Responses for show #8640 - Friday, May 13, 2022

Ryan Long game 1.

Contestants

[<< previous game]

Ryan Long, a rideshare driver from Philadelphia, Pennsylvania

Marie Shapiro, a retired school registrar from San Francisco, California

Daniel Nguyen, a high school math teacher from San Jose, California (whose 2-day cash winnings total $25,199)

[next game >>]

Jeopardy! Round responses

BRISK LIT
D.C. TOURISM
HOLIDAYS & OBSERVANCES
DROP A LETTER
RED
TAYLOR'S VERSION
    $200 8
Catch-22

Daniel
    $200 1
pandas

Daniel
    $200 23
Memorial Day

Ryan
    $200 30
(Ryan: What is fright--or [*]?)

right (from fright)

Ryan
    $200 6
the Kremlin

Ryan
    $200 18
Jack and the Beanstalk

Ryan
    $400 11
Fear and Loathing

Marie
    $400 2
signees (signers)

Ryan
    $400 24
Non-Violence

Daniel
    $400 29
gab (from grab)

Daniel
    $400 7
Erik the Red

Marie
    $400 17
(Faith) Hill

Daniel
    $600 10
the sun

Triple Stumper
    $600 9
(Marie: What is the Eiffel Tower?)

the Washington Monument

MarieRyan
    $600 25
(Mayim: Yes, less than a minute.)

June

Daniel
    $600 3
a liter (from litter)

Triple Stumper
    $600 14
the Detroit Red Wings

Ryan
    $600 16
Elizabeth Taylor

Ryan
    $800 21
[Marie did not include the first "The" in her response.]

The Wind in the Willows

Marie
    $800 12
(Thomas) Jefferson

Daniel
    $800 26
South Boston

Marie
    $800 4
caste (from castle)

Triple Stumper
    $800 15
(Marie: What is a Red Setter?)

an Irish Setter

Marie
Triple Stumper
    $800 19
[NOTE: The film was released in the United Kingdom as [*].]

The Grinch (How the Grinch Stole Christmas)

Marie
    $1,500 22
[Marie did not include "The" in her response.]

The Canterbury Tales

Marie
    $1000 13
(Marie: What is castle?)
(Ryan: What is fortress?)

Meigs's Old Red Barn

MarieRyan
Triple Stumper
    $1000 27
Kwanzaa

Daniel
    $1000 5
(Marie: What is, uh, vital... [*]? What is [*]?)

vial (from vital)

Marie
    $1000 28
Red Cloud

Triple Stumper
    $1000 20
James Taylor

Marie

Scores at the first commercial break (after clue 15):

Daniel Marie Ryan
$1,200 -$600 $800

Scores at the end of the Jeopardy! Round:

Daniel Marie Ryan
$4,000 $4,300 $2,000

Double Jeopardy! Round responses

TREATIES
TV: WHO PLAYED 'EM?
COMMUNICATION
PLACES IN THE BIBLE
OPERA
STARTS WITH "Y"
    $400 1
China

Daniel
    $400 11
Sarah Michelle Gellar

Ryan
    $400 17
a P.A. (public address)

Ryan
    $400 21
Damascus

Ryan
    $400 26
(Marie: Um... who is... um...)
(Ryan: Who is M. Butterfly?)

Madame Butterfly

DanielMarieRyan
    $400 6
yawning

Daniel
    $800 2
the Ottoman (Empire)

Daniel
    $800 12
Tony Shalhoub

Ryan
    $800 18
Nielsen

Daniel
    $800 22
the Garden of Eden

Ryan
    $800 27
Aida

Marie
    $800 7
yoke

Daniel
    $1200 3
Panama

Daniel
    $1200 13
Bill Hader

Ryan
    $1200 16
(Ryan: What is .com?)

the @ sign

DanielRyan
    $1200 23
[Ryan gave both names.]

Saul or Paul

Ryan
    $1200 28
Fidelio

Triple Stumper
    $1200 8
(Andrew) Yang

Ryan
    $1600 4
the EU (the European Union)

Daniel
    $1600 14
Gillian Anderson

Ryan
    $1600 19
a busy signal

Triple Stumper
    $2,000 24
(Ryan: [Pondering his wager] Um, mm... $2000. I seem better at this category than I am.)
[Laughter]

Jonah

Ryan
    $1600 29
[The end-of-round signal sounds.]

witches

Triple Stumper
    $1600 9
a yarmulke

Ryan
    $2000 5
[No acknowledgement for Daniel running the category]

the Treaty of Versailles

Daniel
    $2000 15
(Mayim: Yes, and you just ran that category.)
[Applause]

Peter Dinklage

Ryan
    $4,000 20
(Mayim: Agence France-Presse.)

Paris

Daniel
    $2000 25
(Ryan: What is Carthage?)
...
(Mayim: We have less than a minute...)
(Ryan [Big sigh] OPERA $400.)
[Laughter]

Tyre

Ryan
Triple Stumper
    $2000 10
the Yazidi

Marie

Scores at the end of the Double Jeopardy! Round:

Daniel Marie Ryan
$17,600 $6,700 $12,000

[wagering suggestions for these scores]

Final Jeopardy! Round responses

STATE NAMES
(Mayim: [To Marie] Named for King George II.)
MarieWhat is Georgia
$6,000
RyanWhat is Georgia?
$6,800
DanielWhat is New Hampshire
$6,401
Georgia

Final scores:

Daniel Marie Ryan
$11,199 $12,700 $18,800
3rd place: $1,000 2nd place: $2,000 New champion: $18,800

Game dynamics:

Coryat scores:

Daniel Marie Ryan
$15,600 $6,200 $11,600
19 R
(including 1 DD),
0 W
10 R
(including 1 DD),
4 W
20 R
(including 1 DD),
4 W

Combined Coryat: $33,400

The J! Archive is created by fans, for fans. The Jeopardy! game show and all elements thereof, including but not limited to copyright and trademark thereto, are the property of Jeopardy Productions, Inc. and are protected under law. This website is not affiliated with, sponsored by, or operated by Jeopardy Productions, Inc. Join the discussion at JBoard.tv.